| 000 | 00833nam a22002177a 4500 | ||
|---|---|---|---|
| 999 |
_c26 _d26 |
||
| 003 | AR-CdUCM | ||
| 008 | 190220b ||||| |||| 00| 0 spa d | ||
| 040 |
_aMUNICIPALIDAD PROVINCIAL DEL CUSCO _cBIBLIOTECA MUNICIPAL DEL CUSCO |
||
| 082 |
_a985.02 / _bP85 |
||
| 100 |
_aPrescott, Guillermo H. _9133 |
||
| 245 |
_aHistoria de la conquista del Perú / _cPrescott, Guillermo H. |
||
| 260 |
_aLima - Perú : _bEd. Universo, _c1972. |
||
| 300 |
_a213 páginas ; _c16 cm. |
||
| 440 |
_aColección Autores Peruanos. _n36 _9134 |
||
| 505 | _aAspecto físico del país -- Orígenes del estado -- Manufactura -- Religión del Perú -- Astronomía -- Arte de la Navegación ... | ||
| 650 |
_aImperio de los incas. _9135 |
||
| 650 |
_aHistoria. _9136 |
||
| 650 |
_aÉpoca de la conquista. _9137 |
||
| 942 |
_2ddc _cLIBROS |
||
| 945 |
_aachl _d2019-02-20 |
||